University business (Record no. 38758)

MARC details
000 -LEADER
fixed length control field 00374nam a2200157Ia 4500
022 ## - INTERNATIONAL STANDARD SERIAL NUMBER
ISSN 10976671
050 ## - CALL MARK
Classification number HF 5001 .U55/
245 #0 - TITLE STATEMENT
Title University business
260 ## - PUBLICATION, DISTRIBUTION, ETC. (IMPRINT)
Name of publisher CFA Institute
260 ## - PUBLICATION, DISTRIBUTION, ETC. (IMPRINT)
Year of publication 2011
300 ## - PHYSICAL DESCRIPTION
Number of Pages 64 p. : ill. ; 27 cm.
650 ## - SUBJECT ADDED ENTRY--TOPICAL TERM
Topical Term Business--Periodicals
942 ## - ADDED ENTRY ELEMENTS (KOHA)
Koha item type Serials

No items available.